Anton Sekhov Tập 2
Enregistré dans:
| Auteur principal: | |
|---|---|
| Format: | Livre |
| Publié: |
Hà Nội
Văn học- trung tâm văn hóa ngôn ngữ đông tây
1999
|
| Sujets: | |
| Tags: |
Ajouter un tag
Pas de tags, Soyez le premier à ajouter un tag!
|
| Thư viện lưu trữ: | Trung tâm Học liệu Lê Vũ Hùng, Trường Đại học Đồng Tháp |
|---|
| LEADER | 00873pam a22003138a 4500 | ||
|---|---|---|---|
| 001 | 00035193 | ||
| 005 | 20171026081025.0 | ||
| 008 | 161124s1999 ||||||Viesd | ||
| 041 | 0 | # | |a Vie |
| 082 | 1 | 4 | |a 891.73 |b A635S |
| 100 | 1 | # | |a Vương, Trí Nhân |e giới thiêu và tuyển chọn |
| 245 | 0 | 0 | |a Anton Sekhov |c Vương Trí Nhân |n Tập 2 |
| 260 | # | # | |a Hà Nội |b Văn học- trung tâm văn hóa ngôn ngữ đông tây |c 1999 |
| 300 | # | # | |a 624 tr. |c 21 cm. |
| 653 | # | # | |a Nga |
| 653 | # | # | |a Truyện ngắn |
| 653 | # | # | |a Văn học cận đại |
| 852 | # | # | |b Kho đọc |j KD.0017419 |
| 852 | # | # | |j KD.0017419 |
| 910 | 0 | # | |d 24/11/2016 |
| 980 | # | # | |a Trung tâm Học liệu Lê Vũ Hùng, Trường Đại học Đồng Tháp |